Automated detection of various morphological and vascular abnormalities in retinal images to diagnose diabetic retinop (Record no. 393582)

MARC details
000 -LEADER
fixed length control field 00559nam a22001817a 4500
005 - DATE & TIME
control field 20251014123026.0
008 - FIXED-LENGTH DATA ELEMENTS--GENERAL INFORMATION
fixed length control field 251014b |||||||| |||| 00| 0 eng d
040 ## - CATALOGING SOURCE
Original cataloging agency VIVEKANANDA LIBRARY
082 ## - DDC NUMBER
Classification number 621
Book Number M295A
100 ## - MAIN ENTRY--PERSONAL NAME
Personal name Malik, Tajender
245 ## - TITLE STATEMENT
Title Automated detection of various morphological and vascular abnormalities in retinal images to diagnose diabetic retinop
260 ## - PUBLICATION, DISTRIBUTION, ETC. (IMPRINT)
Name of publisher, distributor, etc Department of UIET, M D University, Rohtak
Date of publication, distribution, etc 2024
300 ## - PHYSICAL DESCRIPTION
Pages xv, 92
650 ## - Subject
Subject Engineering
650 ## - Subject
Subject Electronics Engineering
700 ## - Added Entry Personal Name
Added Entry Personal Name Nandal, Vikas
942 ## - ADDED ENTRY ELEMENTS (KOHA)
Koha item type Thesis
Holdings
Withdrawn status Lost status Source of classification or shelving scheme Damaged status Not for loan Location (home branch) Sublocation or collection (holding branch) Shelving location Date acquired Koha issues (times borrowed) Koha full call number Accession No. Koha date last seen Copy number Koha item type
    Dewey Decimal Classification     VIVEKANANDA LIBRARY VIVEKANANDA LIBRARY Vivekananda Library 14/10/2025   621 M295A 411039 14/10/2025 R Thesis
© Designed and Maintained by Vivekananda Library, MDU Rohtak